Dive sites by location - Statistics

General Stats
  • This quiz has been taken 6 times
  • The average score is 5 of 12
Answer Stats
Dive site Location % Correct
Kailua Kona Hawaii, USA
100%
Great Blue Hole Lighthouse Reef, Belize
75%
Wreck of USAT Liberty Bali, Indonesia
50%
Darwin's Arch Galápagos Islands, Ecuador
50%
Barracuda Point Sipadan Island, Malaysia
50%
Bajo Alcyone Cocos Island, Costa Rica
25%
Wreck of SS President Coolidge Espiritu Santo, Vanuatu
25%
Bloody Bay Wall Little Cayman, UK
25%
Wreck of SS Thistlegorm Sharm el-Sheikh, Egypt
25%
Richelieu Rock Surin Islands, Thailand
25%
Blue Corner Wall Ngemelis Island, Palau
0%
Wreck of SS Yongala Queensland, Australia
0%
No matching quizzes found
Score Distribution
Percent of People with Each Score
Percentile by Number Answered
Your Score History
You have not taken this quiz